[Event "Titled Tuesday intern op 02nd Jul Late"]
[Site "Chess.com INT"]
[Date "2024.07.02"]
[Round "2"]
[White "Sivakumar, Shaashwath"]
[Black "Raczek, Krzysztof"]
[Result "0-1"]
[WhiteElo "2288"]
[BlackElo "2344"]
[PlyCount "94"]
[EventDate "2024.07.02"]
[EventType "swiss (blitz)"]
[EventRounds "11"]
[EventCountry "USA"]
[SourceTitle "EXT 2025"]
[Source "ChessBase"]
[SourceDate "2024.10.14"]
[SourceVersion "1"]
[SourceVersionDate "2024.10.14"]
[SourceQuality "1"]

1. d4 f5 2. g3 e6 3. Nf3 Nf6 4. Bg2 Be7 5. 0-0 Ne4 6. b3 d5 7. Ne5 Nd7 8. Nd3 0-0 9. Bb2 c6 10. c4 Ndf6 11. Nd2 Bd7 12. Nf3 Be8 13. Re1 Bd6 14. Qc1 Qe7 15. a4 Bh5 16. Nfe5 h6 17. Nf4 Qe8 18. Ba3 Bxa3 19. Qxa3 Bf7 20. a5 a6 21. Qb4 Rb8 22. Nfd3 Qd8 23. f3 Nd6 24. Nc5 Nc8 25. Rad1 Qe7 26. e4 fxe4 27. fxe4 Bh5 28. Rd2 dxe4 29. Qc3 Nd6 30. Nxe4 Nfxe4 31. Bxe4 Nf7 32. Ng6 Bxg6 33. Bxg6 Ng5 34. Qe3 Nf3+ 35. Kg2 Nxd2 36. Qxd2 Qf6 37. Be4 Rbd8 38. Rd1 Rd7 39. Qe3 Rfd8 40. d5 exd5 41. cxd5 cxd5 42. Bxd5+ Rxd5 43. Rxd5 Rxd5 44. Qe8+ Qf8 45. Qe6+ Qf7 46. Qc8+ Kh7 47. Qh3 Rd2+ 0-1

[Event "San Francisco 1000 GM Memorial Day"]
[Site "San Francisco"]
[Date "2024.05.26"]
[Round "7"]
[White "Talwalkar, Vedant"]
[Black "Sivakumar, Shaashwath"]
[Result "1-0"]
[WhiteElo "2016"]
[BlackElo "2304"]
[PlyCount "43"]
[EventDate "2024.05.23"]
[EventType "swiss"]
[EventRounds "9"]
[EventCountry "USA"]
[SourceTitle "CBM 220 Extra"]
[Source "ChessBase"]
[SourceDate "2024.07.31"]
[SourceVersion "1"]
[SourceVersionDate "2024.07.31"]
[SourceQuality "1"]

1. e4 c5 2. Nf3 d6 3. d4 cxd4 4. Nxd4 Nf6 5. Nc3 a6 6. Qd3 Nbd7 7. Be2 g6 8. Bg5 Bg7 9. 0-0-0 Qc7 10. f4 h6 11. Bh4 0-0 12. g4 e5 13. Nf5 gxf5 14. g5 Nxe4 15. gxh6 Bxh6 16. Rhg1+ Kh7 17. Qh3 Ndf6 18. Bg5 Ng8 19. Nd5 Qa5 20. Bxh6 Nxh6 21. Rd3 Nf2 22. Nf6+ 1-0

[Event "San Francisco 1000 GM Memorial Day"]
[Site "San Francisco"]
[Date "2024.05.25"]
[Round "4"]
[White "Sivakumar, Shaashwath"]
[Black "Widjaja, Luke"]
[Result "1-0"]
[WhiteElo "2304"]
[BlackElo "2136"]
[PlyCount "49"]
[EventDate "2024.05.23"]
[EventType "swiss"]
[EventRounds "9"]
[EventCountry "USA"]
[SourceTitle "CBM 220 Extra"]
[Source "ChessBase"]
[SourceDate "2024.07.31"]
[SourceVersion "1"]
[SourceVersionDate "2024.07.31"]
[SourceQuality "1"]

1. d4 d5 2. c4 e6 3. Nf3 Nf6 4. g3 Be7 5. Bg2 0-0 6. 0-0 dxc4 7. Qc2 a6 8. a4 Nc6 9. Qxc4 Na5 10. Qc2 b6 11. Ne5 Bb7 12. Bxb7 Nxb7 13. Nc6 Qe8 14. Rd1 Bc5 15. Ne5 Bd6 16. Nd2 Rc8 17. Ndc4 b5 18. axb5 axb5 19. Ra7 Nd8 20. Nxd6 cxd6 21. Qxc8 dxe5 22. dxe5 Nd5 23. Rd7 Nb6 24. Qxd8 Nxd7 25. Qxe8 1-0

[Event "San Francisco 1000 GM Memorial Day"]
[Site "San Francisco"]
[Date "2024.05.24"]
[Round "3"]
[White "Heimann, Mark A"]
[Black "Sivakumar, Shaashwath"]
[Result "1-0"]
[WhiteElo "2441"]
[BlackElo "2304"]
[PlyCount "43"]
[EventDate "2024.05.23"]
[EventType "swiss"]
[EventRounds "9"]
[EventCountry "USA"]
[SourceTitle "CBM 220 Extra"]
[Source "ChessBase"]
[SourceDate "2024.07.31"]
[SourceVersion "1"]
[SourceVersionDate "2024.07.31"]
[SourceQuality "1"]

1. e4 c5 2. Nf3 d6 3. d4 cxd4 4. Nxd4 Nf6 5. Nc3 a6 6. h3 e5 7. Nb3 Be7 8. g4 h6 9. Be3 Nbd7 10. a4 b6 11. Bg2 Bb7 12. 0-0 0-0 13. f4 Ne8 14. Nd5 Bxd5 15. exd5 exf4 16. Bxf4 Bg5 17. Nd4 Bxf4 18. Rxf4 Qg5 19. Qf1 g6 20. Qf2 Qe5 21. Re1 Qg7 22. Re7 1-0